书目信息 |
| 题名: |
高分子概论
|
|
| 作者: | 片山将道 著 ;朱树新 译 | |
| 分册: | ||
| 出版信息: | 上海 上海科学技术文献出版社 1983 |
|
| 页数: | 407页 | |
| 开本: | 19cm | |
| 丛书名: | ||
| 单 册: | ||
| 中图分类: | O63 | |
| 科图分类: | ||
| 主题词: | 高分子化学 | |
| 电子资源: | ||
| ISBN: | ||
| 000 | 00684nam0 2200253 45 | |
| 001 | 0183012388 | |
| 005 | 20040524143808.7 | |
| 010 | @dCNY1.60 | |
| 091 | @a15192.232 | |
| 100 | @a19950726d1983 em y0chiy0121 ea | |
| 101 | 1 | @achi@cjpn |
| 102 | @aCN@b310000 | |
| 105 | @ay z 000yy | |
| 106 | @ar | |
| 200 | 10 | @a高分子概论@Agao fen zi gai lun@f(日)片山将道著@g朱树新等译 |
| 210 | @a上海@c上海科学技术文献出版社@d1983 | |
| 215 | @a407页@d19cm | |
| 606 | @a高分子化学 | |
| 690 | @aO63@v3 | |
| 701 | 0 | @a片山将道@Apian shan jiang dao@4著 |
| 702 | 0 | @a朱树新@Azhu shu xin@4译 |
| 801 | 0 | @aCN@b上海图书馆@c20040524 |
| 801 | 2 | @aCN@bNLC@c20040524 |
| 905 | @f1@b82752@dO63@e10 | |
| 高分子概论/(日)片山将道著/朱树新等译.-上海:上海科学技术文献出版社,1983 |
| 407页;19cm |
| ISBN :CNY1.60 |
| ● |
| 相关链接 |
|
|
|
|
正题名:高分子概论
索取号:O63/10
 
预约/预借
| 序号 | 登录号 | 条形码 | 馆藏地/架位号 | 状态 | 备注 |
| 1 | 0082752 | 000351121 | 第三借阅区/ [索取号:O63/10] | 在馆 |